Aspectos contractuales y fiscales sobre sueldos y salarios 2014

Bibliographic Details
Main Author: Lp̤ez Lozano, Eduardo
Format: eBook
Language:Spanish
Published: Mx̌ico DF: Ediciones Fiscales ISEF, 2014
Subjects:
Online Access:Acceso restringido

MARC

LEADER 00000nam a22000007a 4500
005 20140711133220.0
007 cr|||| ||||
008 140711s2014 mx |||||s|||| 00||0 spa d
020 |a 978-368-726-797-3 
035 |a 12245 
040 |a vLex 
090 |c 5032  |d 5032 
100 1 |a Lp̤ez Lozano, Eduardo 
245 1 0 |a Aspectos contractuales y fiscales sobre sueldos y salarios 2014  |h [Recurso electrn̤ico] /  |c Eduardo Lp̤ez Lozano 
256 |a Servicio en ln̕ea 
260 |a Mx̌ico DF:  |b Ediciones Fiscales ISEF,  |c 2014 
300 |a 1 recurso electrn̤ico 
506 1 |a Disponible solo en los productos indicados  |d vLex Global  |d vLex Global (Academic Edition, excluding Law Schools)  |d vLex Global (U.S. Academic Edition, Law Schools)  |d vLex Global (U.S. Academic Edition, excluding Law Schools)  |d vLex Global (Academic Edition, Law Schools) 
650 0 4 |a Derecho Laboral y Seguridad Social  |z Mx̌ico 
650 0 4 |a Derecho Fiscal  |z Mx̌ico 
740 0 |a vLex Libros (Servicio en ln̕ea) 
856 4 0 |u http://vlex.com/source/aspectos-contractuales-fiscales-sueldos-salarios-2014-12245  |z Acceso restringido 
942 |c BOOK 
999 0 |a Labor Law and Social Security  
999 0 |a Tax Law